000 00243nam a22000857a 4500
008 160712b xxu||||| |||| 00| 0 eng d
100 _92653
_a Dave, et al
245 _aLiving Together in a World Falling Apart
260 _aIll
_b Creation House
_c1974
999 _c2306
_d2306